<?xml version="1.0" encoding="UTF-8"?>
<collection xmlns="http://www.loc.gov/MARC21/slim">
 <record>
  <leader>03842nam a2200301 a 4500</leader>
  <controlfield tag="001">1/45179</controlfield>
  <controlfield tag="008">140730s2003    uk            001 0 eng  </controlfield>
  <datafield tag="020" ind1=" " ind2=" ">
   <subfield code="a">9780750657969</subfield>
  </datafield>
  <datafield tag="020" ind1=" " ind2=" ">
   <subfield code="a">0750657960</subfield>
  </datafield>
  <datafield tag="020" ind1=" " ind2=" ">
   <subfield code="a">0080473830 (electronic bk.)</subfield>
  </datafield>
  <datafield tag="020" ind1=" " ind2=" ">
   <subfield code="a">9780080473833 (electronic bk.)</subfield>
  </datafield>
  <datafield tag="035" ind1=" " ind2=" ">
   <subfield code="l">48138</subfield>
  </datafield>
  <datafield tag="040" ind1=" " ind2=" ">
   <subfield code="a">OPELS</subfield>
   <subfield code="b">eng</subfield>
   <subfield code="c">OPELS</subfield>
   <subfield code="d">BAKER</subfield>
   <subfield code="d">OCLCQ</subfield>
   <subfield code="d">EEICP</subfield>
   <subfield code="d">UWW</subfield>
   <subfield code="d">MERUC</subfield>
   <subfield code="d">IDEBK</subfield>
   <subfield code="d">OCLCQ</subfield>
   <subfield code="d">GR-PeUP</subfield>
  </datafield>
  <datafield tag="100" ind1="1" ind2=" ">
   <subfield code="a">Park, John.</subfield>
  </datafield>
  <datafield tag="245" ind1="1" ind2="0">
   <subfield code="a">Practical data acquisition for instrumentation and control systems</subfield>
   <subfield code="h">[electronic resource] /</subfield>
   <subfield code="c">John Park, Steve Mackay.</subfield>
  </datafield>
  <datafield tag="260" ind1=" " ind2=" ">
   <subfield code="a">Oxford ;</subfield>
   <subfield code="a">Boston :</subfield>
   <subfield code="b">Elsevier,</subfield>
   <subfield code="c">2003.</subfield>
  </datafield>
  <datafield tag="300" ind1=" " ind2=" ">
   <subfield code="a">1 online resource (xv, 407 p.) :</subfield>
   <subfield code="b">ill.</subfield>
  </datafield>
  <datafield tag="520" ind1=" " ind2=" ">
   <subfield code="a">* Covers all aspects of the data acquisition system from design and specification to programming, installation and configuration * Gives both the novice and experienced user a solid understanding of interfacing the PC and standalone instruments to real-world signals from the laboratory to the industrial plant * Provides a thorough grasp of PC data acquisition systems and the ability to design, specify, install and configure and program data acquisition systems quickly and effectively This book focuses on data acquisition and control using the PC and standalone instruments. The PC has made a dramatic impact in the ease with which the technician, scientist and engineer today can set up their own test and measurement system at a remarkably low cost. And this book aims to show you how easy it is with plenty of carefully researched information. The popular IEEE 488 interface is also covered. All aspects of the data acquisition system are included from design and specification to programming, installation and configuration. This book gives both the novice and experienced user a solid grasp of the principles and practical implementation of interfacing the PC and standalone instruments to real-world signals from the laboratory to the industrial plant. Once you have read the book, you will have a thorough grasp of PC data acquisition systems and will be able to design, specify, install and configure and program data acquisition systems quickly and effectively. * Covers all aspects of the data acquisition system from design and specification to programming, installation and configuration * Gives both the novice and experienced user a solid understanding of interfacing the PC and standalone instruments to real-world signals from the laboratory to the industrial plant * Provides a thorough grasp of PC data acquisition systems and the ability to design, specify, install and configure and program data acquisition systems quickly and effectively.</subfield>
  </datafield>
  <datafield tag="505" ind1="0" ind2=" ">
   <subfield code="a">Introduction to Data Acquisition &amp; Control; Analog and Digital Signals; Signal Conditioning; The Personal Computer for Real Time Work; Plug-in Data Acquisition Boards; Serial Data Communications; Distributed &amp; Standalone Loggers/Controllers; IEEE 488 Standard; Ethernet &amp; LAN Systems; The Universal Serial Bus (USB); Specific Techniques; The PCMCIA Card; Appendix A: Glossary; Appendix B: IBM PC Bus Specifications; Appendix C: Review of the Intel 8255 PPI Chip; Appendix D: Review of the Intel 8254 Timer-Counter Chip; Appendix E: Thermocouple Tables; Appendix F: Numbers Systems; Appendix G: GPIB (IEEE-488) Mnemonics &amp; their Definition; Appendix H: Practical Laboratories &amp; Demonstrations; Appendix I: Command Structure &amp; Programming.</subfield>
  </datafield>
  <datafield tag="500" ind1=" " ind2=" ">
   <subfield code="a">Includes index.</subfield>
  </datafield>
  <datafield tag="650" ind1=" " ind2="4">
   <subfield code="a">Automatic data collection systems.</subfield>
  </datafield>
  <datafield tag="650" ind1=" " ind2="4">
   <subfield code="a">Management information systems.</subfield>
  </datafield>
  <datafield tag="655" ind1=" " ind2="4">
   <subfield code="a">Electronic books.</subfield>
  </datafield>
  <datafield tag="700" ind1="1" ind2=" ">
   <subfield code="a">Mackay, Steve.</subfield>
  </datafield>
  <datafield tag="852" ind1=" " ind2=" ">
   <subfield code="a">INST</subfield>
   <subfield code="b">UNIPILB</subfield>
   <subfield code="c">EBOOKS</subfield>
   <subfield code="e">20140730</subfield>
   <subfield code="p">00b48138</subfield>
   <subfield code="q">00b48138</subfield>
   <subfield code="t">ONLINE</subfield>
   <subfield code="y">0</subfield>
  </datafield>
  <datafield tag="856" ind1="4" ind2="0">
   <subfield code="3">ScienceDirect</subfield>
   <subfield code="u">http://www.sciencedirect.com/science/book/9780750657969</subfield>
  </datafield>
  <datafield tag="856" ind1="4" ind2=" ">
   <subfield code="d">/webopac/covers/03/48138_9780750657969.jpg</subfield>
  </datafield>
  <datafield tag="856" ind1="4" ind2=" ">
   <subfield code="d">/webopac/covers/03/48138_0750657960.jpg</subfield>
  </datafield>
 </record>
</collection>
